00358 2200145 4500001002100000005001500021035002000036245006000056100002100116300001200137260002900149082000800178084001400186990001200200INLIS00000000000197320250523110724 a0010-05250002651 aPengajaran Yang Kreatif dan Menarik /cLou Anne Johnson0 aLou Anne Johnson a432 hlm aJakarta :bIndeks,c2009 a370 a370 LOU p a0713507